Quizzes
Events
Quiz Creation
Community
Videos
Private Events
Remove Ads
Sign In
Join for FREE
Feedback
Dark Mode
Quiz Categories
Sports
Geography
Music
Movies
Television
Just For Fun
Miscellaneous
History
Literature
Language
Science
Gaming
Entertainment
Religion
Holiday
For Kids
Quiz Lab
Recent
Popular Today
Quiz Kudos Today
Editor Picks
Curator Picks
Quizzes by...
Day
Popularity
Type
Ratings
Length
Year
Community
Subscriptions
Recent Discussions
Orange Saloon
Badges
Playlists
Quests
Create
Leaderboards
Showdown
Live 5
Trivia Bingo
Activity
Puzzle Library
Sporcle Events
Private Events
Virtual Trivia
Globe League
Become a Host
Pub Owners
SporcleCon
Opinionation
Our Games
Videos
Blog
Mobile Apps
Partnerships
Remove Ads and Go Orange
Feedback
Sports
Athletes
MLB
NBA
NHL
NFL
Soccer
Sports Teams
WWE
NCAA
Football
Premier League
Basketball
Baseball
Hockey
Golf
Tennis
Cricket
Rugby
Auto Racing
Olympics
World Cup
Sports
Athletes
MLB
NBA
NHL
NFL
Soccer
Sports Teams
WWE
NCAA
Football
Premier League
Basketball
Baseball
Hockey
Golf
Tennis
Cricket
Rugby
Auto Racing
Olympics
World Cup
Random Quiz
Search Sporcle
×
Quiz Lab
Quiz Lab
Sports
NHL
Type in answers that appear in a list
Type in answers that appear in a list
Classic
Best Score? Go Orange.
NHL Starting Goalies (2012-2013) Stats
Can you name the NHL Starting Goalie for each team during the 2012-2013 season?
By
IrishMocha
7m
30 Questions
95 Plays
95 Plays
95 Plays
Comments
Comments
Give Quiz Kudos
Give Quiz Kudos
-
- Ratings
hide this ad
Replay
Link that replays current quiz
Next Quiz
Link to next quiz in quiz playlist
You Got
0%
They Got
Avg Score
88%
Avg Friend Score
Upgrade to see
Score Distribution
Jump to the score distribution portion of the page
Score
0/30
Timer
07:00
0
Plays Today
Team
Goalies
% Correct
Buffalo Sabres
Ryan Miller
97.9%
Boston Bruins
Tuukka Rask
96.8%
Chicago Blackhawks
Corey Crawford
95.8%
Los Angeles Kings
Jonathan Quick
95.8%
Montreal Canadiens
Carey Price
95.8%
New Jersey Devils
Martin Brodeur
95.8%
Pittsburgh Penguins
Marc-Andre Fleury
95.8%
Carolina Hurricanes
Cam Ward
94.7%
Detroit Red Wings
Jimmy Howard
94.7%
Nashville Predators
Pekka Rinne
94.7%
New York Rangers
Henrik Lundqvist
94.7%
Ottawa Senators
Craig Anderson
94.7%
Anaheim Ducks
Jonas Hiller
92.6%
Phoenix Coyotes
Mike Smith
91.6%
San Jose Sharks
Antti Niemi
91.6%
Team
Goalies
% Correct
Columbus Blue Jackets
Sergei Bobrovsky
89.5%
Philadelphia Flyers
Ilya Bryzgalov
89.5%
Minnesota Wild
Niklas Backstrom
88.4%
New York Islanders
Evgeni Nabokov
88.4%
Washington Capitals
Braden Holtby
88.4%
Calgary Flames
Miikka Kiprusoff
87.4%
Toronto Maple Leafs
James Reimer
85.3%
Vancouver Canucks
Cory Schneider
85.3%
Colorado Avalanche
Semyon Varlamov
83.2%
Dallas Stars
Kari Lehtonen
82.1%
St Louis Blues
Brian Elliott
82.1%
Edmonton Oilers
Devan Dubnyk
77.9%
Winnipeg Jets
Ondrej Pavelec
76.8%
Tampa Bay Lightning
Ben Bishop
67.4%
Florida Panthers
Jacob Markstrom
60%
Quiz Playlist
Details
Report
Send in Message
Add To Playlist
Classic:
Type in answers that appear in a list
Quiz Source
Last Updated: Feb 16, 2017
Quiz Scoreboard
CHALLENGE
Sign Up to Join the Scoreboard
Show All
Scores
Hide
Comments
May contain spoilers
Recently Published
Movies - When Are They Set?
by FPL_Elf
Movies
5m
Popular People in 1961
by mucciniale
History
6m
1-10 Letter E Words III
by El_Dandy
Language
2m
More to Explore
Quiz From the Vault
Featured Blog Post
Where Did the Easter Bunny Come From?
hide this ad
You Might Also Like...
Tags
NHL Quiz
2012
2013
goalie
Goalies Selected
Ice Hockey
pro
pro-team
Pro Athlete
Today's Top Quizzes in Sports
Browse Sports
hide this ad
Today's Top Quizzes in NHL
Browse NHL
Top Contributed Quizzes in Sports
1
Les meilleurs buteurs des matchs entre le PSG et l’OM
2
FIFA Club World Cup Champions
3
Les entraîneurs de l'OM et du PSG au 21e siècle
4
2022 World Cup Stars
5
Name the Premier League winners with different clubs
6
La finale Lions - Afrique du Sud 2021
7
Criteria MLB: Left Handed Sluggers
8
Les joueurs passés par le LOSC et le RC Lens
9
Players with Multiple 50 Home Run Seasons
10
MLB Players with Two .350 Batting Average Seasons
Explore More
Trending Topics
Crossword
Marvel
NBA
Disney
Harry Potter
Kpop
Anime
Song
Soccer
Country
Puzzle
NFL
WWE
Pokémon
The Office
hide this ad
More By:
IrishMocha
Quiz
Plays
Rating
Category
Featured
Created
NBA Starting PG's (2012-2013)
2,758
3.20
Sports
May 22, 2013
NBA Starting Centers (2012-2013)
186
5.00
Sports
May 23, 2013
NBA Top 15 Rookies (Scoring) 2012-2013
145
4.50
Sports
Jun 6, 2013
NHL Starting Goalies (2012-2013)
95
3.67
Sports
May 23, 2013
100 Highest Fantasy NFL Ratings (2012)
85
5.00
Sports
May 23, 2013
Go to Creator's Profile
Score Distribution
Quiz Creator Spotlight
IrishMocha
Follow
Send a Message
Quizzes Created
-
Created Quiz Play Count
-
More By This Creator
Popular Quizzes Today
1
Find the Countries of Europe - No Outlines Minefield
2
Find the US States - No Outlines Minefield
3
The Countries of the World
4
Popular People in 1961
5
US States
6
1-10 Letter E Words III
7
Find the US States
8
One Thing in Common: World Cities II
More Sports Quizzes
Anyone But Ashley Young
Quiz Lab
Trending Quizzes
Risky Map Clicking: Least Populous States A-Z
1-10 Letter F Words
Humor Books: The Subtitles
1-10 Letter G Words
One Thing in Common: United Kingdom
Recently Updated
Leaping Animals
pecheneg
Reality TV Shows (A-Z)
bhenderson79
Rickey Henderson's Hall of Fame Teammates
pecheneg
Champions League XIs: Arsenal
pecheneg
Quick Pick: Celebrities in WWE's Hall of Fame
aduchscher
A-Z Keypad Blitz II
pecheneg
Multiple Oscar Actors
pecheneg
Mystery Phrase Blitz: Oscar 'Best Actors'
pecheneg
F. Scott Fitzgerald Novels
LTH
Pick 3 Villains
ddd62291
Trending Topics
Crossword
Marvel
Disney
Anime
Harry Potter
Kpop
NBA
Puzzle
Country
Soccer
WWE
NFL
Song
The Office
Pokémon
Your Account Isn't Verified!
In order to create a playlist on Sporcle, you need to verify the email address you used during registration. Go to your
Sporcle Settings
to finish the process.
Report this User
Report this user for behavior that violates our
Community Guidelines
.
Details:
Send Report
Go to the Sporcle.com Mobile Site →
Comments